00423nam a2200133Ia 45000010005000000080041000050820031000461000089000772450050001662600024002165900007002409010027002479990015002744219241024s9999 xx 000 0 und d aRD/370.97293/IN56in/2015/2 aRepública Dominicana. Iniciaativa dominicana por una educación de calidad, IDEC. 0aInforme anual de seguimiento y monitoreo 2015 bSanto Domingoc2016 asi a22/8/2016 2:46:40 p.m. c9142d9142